Brawl Stars Esport Teams 2025 #1 - Statistics

General Stats
  • This quiz has been taken 42 times
  • The average score is 11 of 12
Answer Stats
Picture Answer % Correct
FUT Esports
100%
SK Gaming
100%
HMBLE
97%
Tribe Gaming
97%
ZETA DIVISION
97%
Elevate
94%
LOUD
94%
Spacestation Gaming
88%
Team Heretics
88%
NOVO Esports
82%
REJECT
71%
SKCalalas
65%
No matching quizzes found
Score Distribution
Percent of People with Each Score
Percentile by Number Answered
Your Score History
You have not taken this quiz